[Event "Reykjavik Open 2026"]
[Site "Reykjavik"]
[Date "2026.03.29"]
[Round "7.122"]
[White "Heyl, Thomas"]
[Black "Bernstein, Charles B"]
[Result "1-0"]
[WhiteElo "1926"]
[WhiteFideId "4623371"]
[BlackElo "1667"]
[BlackFideId "39970639"]
[Variant "Standard"]

1. c4 e5 2. Nc3 f5 3. g3 Nf6 4. Nf3 Nc6 5. d4 e4 6. Nh4 d5 7. Bg5 Be7 8. e3 Be6 9. cxd5 Nxd5 10. Bxe7 Ncxe7 11. Ng2 O-O 12. Nf4 Nxf4 13. gxf4 Ng6 14. Be2 c6 15. Qd2 b5 16. b3 Qf6 17. O-O Nh4 18. Kh1 Nf3 19. Bxf3 exf3 20. Rg1 Qh4 21. Rg3 Rf6 22. h3 Rh6 23. Kh2 Rf8 24. Rxf3 Rff6 25. b4 Rfg6 26. Rg1 Bc4 27. Rxg6 Rxg6 28. Qd1 Qh5 29. a3 Bf1 30. Rg3 Qxd1 31. Nxd1 Rxg3 32. fxg3 Kf7 33. Nc3 Ke6 34. g4 g6 35. Kg3 h6 36. h4 h5 37. gxf5+ gxf5 38. Kf3 Bd3 39. Kf2 Bc4 40. Ke1 Bd3 41. Kd2 Bc4 42. Ne2 Kf6 43. Ng3 Kg6 44. Kc2 Bd5 45. Kc3 Bf3 46. d5 Bxd5 47. Kd4 Bb3 48. Ke5 Bc2 49. Kd6 Ba4 50. Kxc6 a5 51. Kd6 axb4 52. axb4 Bb3 53. Ke5 Bc2 54. e4 fxe4 55. f5+ Kh6 56. Nxe4 Bd3 57. Nd6 Kh7 58. Ke6 Kg7 59. Ke7 Kh8 60. f6 Bg6 61. f7 Bxf7 62. Kxf7 Kh7 63. Nxb5 Kh6 64. Nd6 Kh7 65. b5 Kh6 66. b6 Kh7 67. b7 Kh6 68. b8=Q Kh7 69. Qg8+ 1-0

[Event "Reykjavik Open 2026"]
[Site "Reykjavik"]
[Date "2026.03.29"]
[Round "7.123"]
[White "Bartlett, Aiden Emerson"]
[Black "Olszewski, Milosz Ulfur"]
[Result "1-0"]
[WhiteElo "1919"]
[WhiteFideId "39922405"]
[BlackElo "1646"]
[BlackFideId "2330199"]
[Variant "Standard"]

1. e4 e6 2. d4 d5 3. Nd2 Nf6 4. e5 Nfd7 5. Ngf3 c5 6. c3 Nc6 7. Bd3 Qb6 8. O-O cxd4 9. cxd4 Nxd4 10. Nxd4 Qxd4 11. Nf3 Qb6 12. a3 Be7 13. Re1 O-O 14. Be3 Qd8 15. Rc1 f6 16. exf6 Nxf6 17. Ne5 Bd7 18. Bd4 Rc8 19. Rxc8 Bxc8 20. Bxa7 Bd6 21. Bd4 Qc7 22. f4 Qa5 23. Kh1 b5 24. Re3 b4 25. Rh3 Bxe5 26. Bxe5 h6 27. Bd6 Rf7 28. Bxb4 Qb6 29. Bg6 Rc7 30. Rc3 Rxc3 31. Bxc3 Nd7 32. Qd4 Qxd4 33. Bxd4 Kf8 34. Kg1 Ba6 35. Kf2 Nb8 36. Bc5+ Kg8 37. Be8 Bc8 38. b4 Nd7 39. Be7 Nb6 40. a4 Nc4 41. b5 Bb7 42. Bc5 g5 43. Bc6 Na5 44. Bxb7 Nxb7 45. Bb4 gxf4 46. a5 e5 47. a6 { Black resigned. } 1-0

[Event "Reykjavik Open 2026"]
[Site "Reykjavik"]
[Date "2026.03.29"]
[Round "7.125"]
[White "Horie, Ryosuke"]
[Black "T`sas, Jan"]
[Result "1/2-1/2"]
[WhiteElo "1533"]
[WhiteFideId "7006438"]
[BlackElo "1906"]
[BlackFideId "204900"]
[Variant "Standard"]

1. d4 Nf6 2. c4 c5 3. Nf3 g6 4. Nc3 cxd4 5. Nxd4 Bg7 6. e4 d6 7. Be3 O-O 8. Be2 Nc6 9. Nxc6 bxc6 10. O-O Qc7 11. Qc1 Rb8 12. Rb1 Re8 13. Bf4 Nd7 14. Rd1 Qa5 15. Bd2 Qc7 16. Bf4 e5 17. Be3 Nf8 18. b4 Ne6 19. Qa3 Nd4 20. Bd3 Be6 21. Rdc1 1/2-1/2

[Event "Reykjavik Open 2026"]
[Site "Reykjavik"]
[Date "2026.03.29"]
[Round "7.127"]
[White "Digernes, Magnus"]
[Black "Kristinsson, Magnus"]
[Result "1-0"]
[WhiteElo "2047"]
[WhiteFideId "1514873"]
[BlackElo "1801"]
[BlackFideId "2305682"]
[Variant "Standard"]

1. d4 Nf6 2. Nc3 d5 3. Bf4 Bf5 4. e3 e6 5. Nf3 Bb4 6. a3 Bxc3+ 7. bxc3 O-O 8. Bg5 c5 9. Bd3 Bxd3 10. cxd3 Qa5 11. O-O Nfd7 12. Qb3 b6 13. Rac1 Nc6 14. Bf4 Rac8 15. Rfe1 Qa6 16. c4 cxd4 17. exd4 Na5 18. Qa4 Qb7 19. c5 Nc6 20. Rb1 Ncb8 21. Rec1 Rc6 22. Bd6 Rfc8 23. Qd1 Nf6 24. Ne5 Rxd6 25. cxd6 Ne8 26. Rxc8 Qxc8 27. Rc1 Qd8 28. Qa4 Nxd6 1-0

[Event "Reykjavik Open 2026"]
[Site "Reykjavik"]
[Date "2026.03.29"]
[Round "7.128"]
[White "Jagic, Jakov"]
[Black "Schimmer, Michael"]
[Result "1-0"]
[WhiteElo "2038"]
[WhiteFideId "2528398"]
[BlackElo "1797"]
[BlackFideId "24606014"]
[Variant "Standard"]

1. Nf3 Nf6 2. c4 e6 3. b3 d5 4. Bb2 Be7 5. e3 O-O 6. Be2 Nbd7 7. O-O b6 8. Nc3 Bb7 9. Rc1 Rc8 10. cxd5 Nxd5 11. d4 Nxc3 12. Rxc3 Nf6 13. Ne5 c5 14. Qd3 cxd4 15. Rxc8 Qxc8 16. Bxd4 Rd8 17. Qb1 Qa8 18. Nf3 Ne4 19. Rc1 Nc5 20. Qb2 Bf8 21. b4 Nd7 22. h4 e5 23. Bc3 Be7 24. Rd1 Bf6 25. h5 h6 26. Qb3 Bc6 27. a4 a6 28. Bb2 Re8 29. Bc4 Re7 30. Ne1 a5 31. b5 Nc5 32. Qa2 Bb7 33. f3 Bg5 34. Kf2 Qc8 35. Nd3 Nxd3+ 36. Rxd3 e4 37. Rd6 exf3 38. Rg6 Bxe3+ 39. Kg3 Qc7+ 40. Kh3 Qd7+ 41. g4 Bd4 42. Ba3 Bc5 43. Bb2 Qd1 44. Bxf7+ Rxf7 45. Rxg7+ Kf8 46. Qxf7# 1-0

[Event "Reykjavik Open 2026"]
[Site "Reykjavik"]
[Date "2026.03.29"]
[Round "7.129"]
[White "Stevens, Christian"]
[Black "Jamil, Emil Jacobsen"]
[Result "1-0"]
[WhiteElo "2034"]
[WhiteFideId "649090"]
[BlackElo "1769"]
[BlackFideId "7204183"]
[Variant "Standard"]

1. e4 c5 2. Nc3 Nc6 3. g3 g6 4. Bg2 Bg7 5. d3 Rb8 6. f4 b5 7. Nf3 e6 8. e5 d6 9. exd6 Qxd6 10. Ne4 Qe7 11. Be3 Nd4 12. c3 f5 13. Nxc5 Qxc5 14. Nxd4 Nf6 15. Nc2 Qc7 16. Bd4 Qe7 17. O-O O-O 18. Qe2 a5 19. a3 Bb7 20. Rae1 Rfe8 21. h3 Nd7 22. Bxg7 Qxg7 23. Nd4 e5 24. Nc6 Bxc6 25. Bxc6 Rb6 26. Bxd7 Qxd7 27. fxe5 b4 28. axb4 axb4 29. d4 Rc8 30. Rf3 Rbc6 31. e6 Qe7 32. Qe3 bxc3 33. bxc3 Rxc3 34. Qxc3 Rxc3 35. Rxc3 Qd6 36. e7 Qxd4+ 37. Rce3 1-0

[Event "Reykjavik Open 2026"]
[Site "Reykjavik"]
[Date "2026.03.29"]
[Round "7.130"]
[White "Petursson, Gudni"]
[Black "Hellstrand, Josefina"]
[Result "1-0"]
[WhiteElo "2027"]
[WhiteFideId "2301725"]
[BlackElo "1766"]
[BlackFideId "1776797"]
[Variant "Standard"]

1. d4 Nf6 2. c4 g6 3. Nf3 Bg7 4. Nc3 d5 5. e3 c6 6. cxd5 Nxd5 7. Bc4 Nxc3 8. bxc3 Nd7 9. O-O O-O 10. e4 h6 11. Bf4 Nf6 12. Qc2 Bg4 13. Ne5 Bd7 14. Nxg6 Re8 15. Ne5 e6 16. Qe2 Nh7 17. Qe3 Ng5 18. h4 Bc8 19. hxg5 hxg5 20. Bg3 f6 21. Nd3 Kf8 22. Rfe1 Bd7 23. Bd6+ Kg8 24. Qg3 1-0

[Event "Reykjavik Open 2026"]
[Site "Reykjavik"]
[Date "2026.03.29"]
[Round "7.131"]
[White "Akeborg, Jonatan"]
[Black "Banta, Robert Lance"]
[Result "1-0"]
[WhiteElo "2000"]
[WhiteFideId "1773089"]
[BlackElo "1724"]
[BlackFideId "39908682"]
[Variant "Standard"]

1. e4 c5 2. Nf3 e6 3. d4 cxd4 4. Nxd4 Nc6 5. Nc3 a6 6. Be3 Qc7 7. a3 Nf6 8. f4 d6 9. Qf3 Nxd4 10. Bxd4 Be7 11. Bd3 e5 12. Be3 Bd7 13. f5 Bc6 14. g4 h6 15. h4 O-O-O 16. g5 Nd7 17. O-O-O Nc5 18. Rhg1 hxg5 19. hxg5 Rh2 20. f6 Bf8 21. Bxc5 dxc5 22. fxg7 Bxg7 23. Bc4 Rf8 24. Nd5 Bxd5 25. Rxd5 Kb8 26. Rgd1 Qe7 27. Rd7 Qxg5+ 28. Kb1 1-0

[Event "Reykjavik Open 2026"]
[Site "Reykjavik"]
[Date "2026.03.29"]
[Round "7.132"]
[White "Mehta, Hursh"]
[Black "Rossiter, Philip E"]
[Result "1-0"]
[WhiteElo "2000"]
[WhiteFideId "30961157"]
[BlackElo "1722"]
[BlackFideId "4301455"]
[Variant "Standard"]

1. Nf3 c5 2. e4 Nc6 3. d4 cxd4 4. Nxd4 d6 5. c4 Nf6 6. Nc3 g6 7. Be2 Bg7 8. Be3 Bd7 9. f3 Rc8 10. Qd2 a6 11. O-O O-O 12. Rfc1 Nxd4 13. Bxd4 Bc6 14. b4 Bd7 15. Kh1 Be6 16. Na4 Nd7 17. Bxg7 Kxg7 18. Nb2 f6 19. Rc2 Ne5 20. Rac1 Qb6 21. Nd1 Rfd8 22. Ne3 Nc6 23. Nd5 Bxd5 24. exd5 Ne5 25. c5 dxc5 26. bxc5 Qc7 27. f4 Nf7 28. Bg4 Rb8 29. Be6 h5 30. f5 g5 31. Bxf7 Kxf7 32. Qe2 Qe5 33. Qxh5+ Kf8 34. c6 bxc6 35. dxc6 Rbc8 36. c7 Re8 37. Qh6+ Kg8 38. Qg6+ Kf8 39. Rc3 Qf4 40. Rg1 1-0

[Event "Reykjavik Open 2026"]
[Site "Reykjavik"]
[Date "2026.03.29"]
[Round "7.133"]
[White "Resika, Nathan"]
[Black "Adalsteinsson, Hermann"]
[Result "1-0"]
[WhiteElo "1990"]
[WhiteFideId "2008343"]
[BlackElo "1719"]
[BlackFideId "2300591"]
[Variant "Standard"]

1. c4 e5 2. g3 Nf6 3. Bg2 c6 4. Nf3 d6 5. Nc3 Be7 6. d4 exd4 7. Qxd4 O-O 8. O-O Be6 9. b3 Qc7 10. Bb2 Nbd7 11. Rac1 Rfd8 12. Nd5 Bxd5 13. cxd5 c5 14. Qd2 Nf8 15. Nh4 Qd7 16. e4 Ng6 17. Nf5 Bf8 18. Qg5 Re8 19. Bxf6 gxf6 20. Qxf6 Qd8 21. Qxd8 Raxd8 22. f4 Ne7 23. Ne3 Bg7 24. Kh1 Ng6 25. e5 dxe5 26. f5 Nf8 27. Rxc5 Bh6 28. Ng4 Bg5 29. h4 Be7 30. Rc7 Nd7 31. d6 Bxd6 32. Rxd7 Kg7 33. f6+ Kf8 34. Rxb7 e4 35. Re1 Bxg3 36. Nh6 Re6 37. Rxf7+ Ke8 38. Bh3 Bxe1 39. Bxe6 Bb4 40. Rb7 Bc5 41. Bf7+ Kf8 42. Bh5 Bb6 43. Rf7+ Ke8 44. Rg7+ 1-0

[Event "Reykjavik Open 2026"]
[Site "Reykjavik"]
[Date "2026.03.29"]
[Round "7.134"]
[White "Eiriksson, Theodor"]
[Black "Gayon, Benoit"]
[Result "1/2-1/2"]
[WhiteElo "1761"]
[WhiteFideId "2322277"]
[BlackElo "1947"]
[BlackFideId "632040"]
[Variant "Standard"]

1. d4 Nf6 2. Nc3 d5 3. Bf4 e6 4. Nb5 Na6 5. e3 c6 6. Nc3 Nc7 7. Nf3 Bd6 8. Ne5 O-O 9. Bd3 Bb4 10. O-O Nd7 11. a3 Nxe5 12. axb4 Nxd3 13. Qxd3 f6 14. e4 Qe7 15. exd5 Nxd5 16. Nxd5 exd5 17. Qd2 Qf7 18. Rfe1 Be6 19. b3 a6 20. Qc3 Rfe8 21. Qd2 Qg6 22. f3 Bf5 23. Rac1 Rxe1+ 24. Qxe1 Re8 25. Qd2 Re6 26. Kf2 Qe8 27. h3 g5 28. Bh2 Bg6 29. g4 h6 30. Bg3 Kf7 31. c4 Qd8 32. c5 Qe8 33. Re1 Kg7 34. Rc1 Kh7 35. Bd6 Qd7 36. Ra1 f5 37. Be5 Re8 38. Re1 fxg4 39. hxg4 Rf8 40. Bd6 Re8 41. Be5 Rf8 42. Bd6 1/2-1/2

[Event "Reykjavik Open 2026"]
[Site "Reykjavik"]
[Date "2026.03.29"]
[Round "7.135"]
[White "Scotti, Martin"]
[Black "Urbaniak, Andreas"]
[Result "1-0"]
[WhiteElo "1943"]
[WhiteFideId "551035065"]
[BlackElo "1697"]
[BlackFideId "24685020"]
[Variant "Standard"]

1. d4 Nf6 2. c4 e6 3. Nc3 Bb4 4. e3 O-O 5. Bd3 d5 6. Nf3 Nc6 7. O-O dxc4 8. Bxc4 Nd5 9. Ne2 a6 10. e4 Nb6 11. Bd3 Bd7 12. Ng3 Re8 13. e5 Na7 14. Bxh7+ Kxh7 15. Ng5+ Kg6 16. Qh5# 1-0

[Event "Reykjavik Open 2026"]
[Site "Reykjavik"]
[Date "2026.03.29"]
[Round "7.136"]
[White "Ferzli, Michael"]
[Black "Jonatansson, Sigurdur Freyr"]
[Result "1-0"]
[WhiteElo "1930"]
[WhiteFideId "5310288"]
[BlackElo "1684"]
[BlackFideId "2303116"]
[Variant "Standard"]

1. d4 d5 2. c4 e6 3. Nf3 Nf6 4. g3 c6 5. Bg2 Be7 6. O-O O-O 7. Nc3 Nbd7 8. Qd3 dxc4 9. Qxc4 Nb6 10. Qd3 Nbd5 11. e4 Nxc3 12. bxc3 b6 13. Rd1 Bb7 14. Bf4 c5 15. Ne5 cxd4 16. cxd4 Nd7 17. Nc4 Ba6 18. Rac1 Rc8 19. Qb3 Bxc4 20. Rxc4 Rxc4 21. Qxc4 g5 22. Bc7 Qc8 23. Rc1 a5 24. e5 Bb4 25. Be4 Re8 26. Qf1 Ba3 27. Rc2 Bb4 28. Qh3 f5 29. exf6 Nxf6 30. Be5 Qd8 31. Qh6 Be7 32. Bxh7+ Kf7 33. Bg6+ Kg8 34. Bxf6 1-0

[Event "Reykjavik Open 2026"]
[Site "Reykjavik"]
[Date "2026.03.29"]
[Round "7.137"]
[White "Filippo, Gaston"]
[Black "Heidarsson, Mikael Bjarki"]
[Result "0-1"]
[WhiteElo "1760"]
[WhiteFideId "1362119"]
[BlackElo "1925"]
[BlackFideId "2317532"]
[Variant "Standard"]

1. e4 c6 2. d3 d5 3. Nd2 e5 4. Ngf3 Bd6 5. g3 d4 6. Nc4 f6 7. Nxd6+ Qxd6 8. Bg2 Bg4 9. Bd2 c5 10. c3 dxc3 11. Bxc3 Nc6 12. Qc2 Nge7 13. O-O O-O 14. h3 Be6 15. Rfe1 Rfd8 16. Re3 Rac8 17. Rd1 Nd4 18. Qb1 Nxf3+ 19. Rxf3 Nc6 20. a3 Bb3 21. Rd2 b5 22. d4 cxd4 23. Bb4 Qe6 24. Bf1 Nxb4 25. axb4 Bc4 26. Bxc4 Rxc4 27. Ra3 Qxh3 28. Rxa7 Rxb4 29. Qa2+ Rc4 30. Rc2 Rc8 31. Rxc4 bxc4 32. Ra8 Qe6 33. Ra6 Qd7 34. b3 d3 35. bxc4 d2 36. c5+ Kh8 37. Rd6 d1=Q+ 0-1

[Event "Reykjavik Open 2026"]
[Site "Reykjavik"]
[Date "2026.03.29"]
[Round "7.138"]
[White "Rijnders, Nanno"]
[Black "Leosson, Haukur Vidis"]
[Result "0-1"]
[WhiteElo "1749"]
[WhiteFideId "1065670"]
[BlackElo "1893"]
[BlackFideId "2325780"]
[Variant "Standard"]

1. d4 d5 2. c4 e6 3. Nf3 a6 4. cxd5 exd5 5. Nc3 Nf6 6. Bg5 Be6 7. e3 Bd6 8. Bd3 O-O 9. Qc2 h6 10. Bh4 Nbd7 11. O-O Re8 12. e4 dxe4 13. Nxe4 Be7 14. Nc5 Nxc5 15. dxc5 Nd5 16. Bxe7 Qxe7 17. a3 c6 18. Nd4 Nf4 19. Nxe6 Qxe6 20. Bf5 Qd5 21. Bh3 Re5 22. f3 Nxh3+ 23. gxh3 Rae8 24. Rf2 Qe6 25. Raf1 Qxh3 26. Rg2 Re1 27. Qc3 Rxf1+ 28. Kxf1 g6 29. Qb3 Re7 30. Kf2 Qh4+ 31. Rg3 Qxh2+ 32. Rg2 Qh4+ 33. Rg3 Qd4+ 34. Kf1 Kh7 35. Qc2 Qe5 36. Qf2 Rd7 37. Rg4 Rd1+ 38. Kg2 h5 39. Re4 Qg5+ 40. Kh2 Rd2 41. Re2 Qe5+ 42. Rxe5 Rxf2+ 43. Kg3 Rxb2 44. Re7 Kg7 0-1

[Event "Reykjavik Open 2026"]
[Site "Reykjavik"]
[Date "2026.03.29"]
[Round "7.139"]
[White "Laureano, Dereck"]
[Black "Chung, Kevin"]
[Result "1/2-1/2"]
[WhiteElo "1891"]
[WhiteFideId "2076926"]
[BlackElo "1681"]
[BlackFideId "30977282"]
[Variant "Standard"]

1. b3 b6 2. Bb2 Bb7 3. e3?! e6 4. Nf3 Nf6 5. d4 d5 6. c4 Bb4+ 7. Bc3 Be7 8. Nbd2 O-O 9. Bd3 c5 10. cxd5 Nxd5 11. Bb2 cxd4 12. Nxd4 Nb4 13. Bb1 N8c6 14. a3 Nd5 15. Nxc6 Bxc6 16. Qc2 g6 17. Qxc6 Rc8 18. Qb7 Bf6 19. O-O Rc7 20. Qa6 Bxb2 21. Ra2 1/2-1/2

[Event "Reykjavik Open 2026"]
[Site "Reykjavik"]
[Date "2026.03.29"]
[Round "7.140"]
[White "Spagnoli, Benjamin"]
[Black "Frederick, Benjamin"]
[Result "½-½"]
[WhiteElo "1890"]
[WhiteFideId "20667116"]
[BlackElo "1681"]
[BlackFideId "39936180"]
[Variant "Standard"]

1. e4 e5 2. Nf3 Nc6 3. d4 exd4 4. Nxd4 Nf6 5. Nxc6 bxc6 6. e5 Qe7 7. Qe2 Nd5 8. h4 d6 9. c4 Nb6 10. exd6 cxd6 11. Nc3 Qxe2+ 12. Bxe2 Be6 13. b3 g6 14. Bf4 Bg7 15. Rc1 d5 16. c5 Nd7 17. Bd6 Be5 18. Bxe5 Nxe5 19. O-O O-O 20. Ba6 Rab8 21. Rfe1 Nd7 22. Ne2 Rb4 23. g3 Nf6 24. Nf4 Bd7 25. Nd3 Rbb8 26. Ne5 Rfe8 27. Kg2 Kf8 28. Re3 Re6 29. a3 Bc8 30. Bxc8 Rxc8 31. f4 Ne4 32. b4 f6 33. Nf3 a6 34. Nd4 Re7 35. f5 Rb7 36. Rf1 a5 37. b5 cxb5 38. c6 Rb6 39. fxg6 hxg6 40. h5 gxh5 41. Rf5 Rbxc6 42. Nxc6 Rxc6 43. Rxd5 Nc3 44. Rxh5 b4 45. Rxa5 bxa3 46. Rxa3 Nd5 47. Red3 Rc5 48. Ra7 Rb5 49. Kf3 Ne7 50. Rd6 Kf7 51. g4 Re5 52. Kf4 Re1 53. Raa6 Ng6+ 54. Kg3 Rf1 55. g5 Rg1+ 56. Kf2 Rxg5 57. Rxf6+ Kg7 58. Rfb6 Rg4 59. Ra7+ Kh6 60. Kf3 Rg1 61. Ra8 Kh5 62. Ra2 Kg5 63. Rh2 Rf1+ 64. Ke2 Rg1 65. Kf2 Rg4 66. Rg2 Rxg2+ 67. Kxg2 Kf4 68. Kf2 Ne5 69. Rb5 Ke4 70. Rb8 Kf5 ½-½

[Event "Reykjavik Open 2026"]
[Site "Reykjavik"]
[Date "2026.03.29"]
[Round "7.141"]
[White "Braun, Janosch"]
[Black "Bajnath, Dhanesh"]
[Result "0-1"]
[WhiteElo "1728"]
[WhiteFideId "1355171"]
[BlackElo "1889"]
[BlackFideId "40104842"]
[Variant "Standard"]

1. Nf3 d5 2. d4 Nf6 3. c4 c6 4. Nc3 dxc4 5. a4 Bf5 6. Nh4 e6 7. Nxf5 exf5 8. e3 Nbd7 9. Bxc4 Nb6 10. Bb3 Bb4 11. Qc2 Qd7 12. O-O O-O 13. f3 Rfe8 14. Qf2 c5 15. Na2 Nbd5 16. Nxb4 cxb4 17. a5 Re7 18. Re1 Qd6 19. Bc2 g6 20. e4 Rae8 21. e5 b3 22. Bg5 Qb4 23. Bxb3 Qxb3 24. exf6 Re6 25. Rxe6 Rxe6 26. Rc1 Nxf6 27. Qh4 Qxb2 28. Rc8+ Re8 29. Rxe8+ Nxe8 30. Be7 Qa1+ 31. Kf2 Qxa5 32. Qh6 Ng7 33. Bf6 Ne6 34. Qc1 Qc7 35. Qe3 Qd6 36. Be5 Qd5 37. Qc3 b5 38. Qc8+ Qd8 39. Qc3 a5 40. Qd2 f6 41. Qa2 Kf7 42. d5 Qb6+ 43. Kf1 fxe5 44. dxe6+ Ke7 45. Qd5 Qc7 46. Qxb5 Kxe6 47. Qa6+ Kf7 48. Qb5 Ke7 49. Qa4 Qc1+ 50. Ke2 Qb2+ 51. Kf1 Qb4 52. Qc6 Qd6 53. Qb7+ Qd7 54. Qb8 Qd3+ 55. Kf2 Qd4+ 56. Kf1 Qc4+ 57. Kf2 Qc5+ 58. Kf1 Ke6 59. Qg8+ Kf6 60. Qh8+ Ke6 61. Qg8+ Kd6 62. Qxh7 Qc4+ 63. Kf2 Qc2+ 64. Kf1 f4 65. Qh8 Qc4+ 66. Kf2 a4 67. Qf6+ Qe6 68. Qd8+ Qd7 69. Qf6+ Kd5 70. Qxg6 Qa7+ 71. Kf1 Qe3 72. Qf7+ Kd4 73. Qa7+ Kd3 74. Qa6+ Kd2 75. Qa5+ Qc3 0-1

[Event "Reykjavik Open 2026"]
[Site "Reykjavik"]
[Date "2026.03.29"]
[Round "7.142"]
[White "O Hanlon, Joe"]
[Black "Puffaldt, Yorik"]
[Result "1-0"]
[WhiteElo "1725"]
[WhiteFideId "2512157"]
[BlackElo "1877"]
[BlackFideId "34634444"]
[Variant "Standard"]

1. d4 Nf6 2. Bf4 c6 3. c3 d6 4. e3 Nbd7 5. Nf3 Qc7 6. h3 a5 7. Be2 e5 8. dxe5 dxe5 9. Bh2 Be7 10. O-O O-O 11. Nbd2 Nd5 12. c4 Nb4 13. a3 Na6 14. Qc2 Nac5 15. Rfd1 a4 16. Rab1 f6 17. Ne4 Nxe4 18. Qxe4 Nc5 19. Qc2 Be6 20. Nd4 Bf7 21. e4 g6 22. Nf3 Qb6 23. Ne1 Be6 24. Kf1 Rfd8 25. f3 Nb3 26. Bg1 Bc5 27. Bxc5 Qxc5 28. Rd3 Bxc4 29. Qxc4+ Qxc4 30. Rxd8+ Rxd8 31. Bxc4+ Kf8 32. Bxb3 axb3 33. Ke2 Ke7 34. Rd1 Rxd1 35. Kxd1 Kd6 36. Kd2 Kc5 37. Kc3 f5 38. Nd3+ Kd6 39. Kxb3 b5 40. Kb4 h5 41. b3 h4 42. a4 bxa4 43. bxa4 1-0

[Event "Reykjavik Open 2026"]
[Site "Reykjavik"]
[Date "2026.03.29"]
[Round "7.143"]
[White "Ekam, Singh"]
[Black "Sveinsson, Gudmundur Peng"]
[Result "0-1"]
[WhiteElo "1875"]
[WhiteFideId "33334234"]
[BlackElo "1664"]
[BlackFideId "2314550"]
[Variant "Standard"]

1. d4 Nf6 2. Bf4 e6 3. e3 d5 4. Nf3 Bd6 5. Ne5 c6 6. Nd2 Qc7 7. Bd3 Nbd7 8. Ndf3 Ne4 9. Nxd7 Bxd7 10. Bxd6 Qxd6 11. Bxe4 dxe4 12. Nd2 f5 13. O-O O-O-O 14. Nc4 Qc7 15. Ne5 Rdf8 16. c4 Be8 17. Qa4 Kb8 18. c5 g5 19. Qc4 Rf6 20. b4 f4 21. a4 f3 22. g3 h5 23. Qc2 Qh7 24. b5 Qf5 25. g4 hxg4 26. bxc6 Qh7 27. Nxg4 Qh3 0-1

[Event "Reykjavik Open 2026"]
[Site "Reykjavik"]
[Date "2026.03.29"]
[Round "7.144"]
[White "Pollitt, Henry"]
[Black "Seshadri, Sridhar"]
[Result "1-0"]
[WhiteElo "1864"]
[WhiteFideId "2644916"]
[BlackElo "1658"]
[BlackFideId "30913942"]
[Variant "Standard"]

1. e4 g6 2. d4 Bg7 3. Nf3 d6 4. c3 Nf6 5. Bd3 Nbd7 6. O-O e5 7. h3 O-O 8. Be3 Kh8 9. dxe5 Nxe5 10. Nxe5 dxe5 11. Na3 Be6 12. Qc2 c6 13. Nc4 Nh5 14. Nd2 Qc7 15. Bc4 Bxc4 16. Nxc4 b5 17. Nd2 c5 18. c4 bxc4 19. Qxc4 Rac8 20. Rac1 Nf4 21. b4 Qd7 22. bxc5 Nxh3+ 23. gxh3 Qxh3 24. Qe2 f5 25. Qf3 Qh4 26. Qg3 Qe7 27. Bg5 Qe6 28. Qh4 Qxa2 29. Ra1 Qb2 30. Rxa7 h5 31. Rb1 Qc2 32. Rbb7 Qd1+ 33. Nf1 fxe4 34. Rxg7 Rf5 35. Bf6 Qf3 36. Rh7+ 1-0

[Event "Reykjavik Open 2026"]
[Site "Reykjavik"]
[Date "2026.03.29"]
[Round "7.145"]
[White "Austin, Freya"]
[Black "Jorgensen, Peter"]
[Result "1/2-1/2"]
[WhiteElo "1708"]
[WhiteFideId "39932079"]
[BlackElo "1862"]
[BlackFideId "1482556"]
[Variant "Standard"]

1. e4 Nc6 2. Nf3 e5 3. Bc4 Be7 4. O-O Nf6 5. d4 d6 6. dxe5 dxe5 7. Qxd8+ Bxd8 8. Bb5 Nd7 9. Bxc6 bxc6 10. Nc3 O-O 11. Be3 Be7 12. Rfd1 f6 13. a3 Nc5 14. b4 Ne6 15. Rd2 Rd8 16. Rad1 Rxd2 17. Rxd2 Kf7 18. Rd1 a5 19. Rb1 axb4 20. axb4 Ra3 21. Bd2 Ba6 22. g3 Nd4 23. Nxd4 exd4 24. Nd1 Be2 25. Nb2 Ra2 26. Kg2 Ra3 27. Bf4 Bf3+ 28. Kg1 Bxe4 29. Bxc7 Bxb4 30. Nc4 Ra2 31. f3 Rxc2 32. Rxb4 Bxf3 33. Nd6+ Ke6 34. Rxd4 Rg2+ 35. Kf1 Rxh2 36. Ne4 Rc2 37. Rd6+ Kf5 38. Nd2 Bd5 39. Ke1 Ra2 40. Rd7 Kg6 41. Bd6 Ra8 42. Kf2 h5 43. Nf3 Kh6 44. Nd4 g5 45. Rc7 Re8 46. Nf5+ Kg6 47. Ne7+ Kh6 48. Nxc6 Bxc6 49. Rxc6 Kg6 50. Bc5 Re5 51. Bd4 Rf5+ 52. Kg2 Kf7 53. Rb6 g4 54. Rc6 Kg6 55. Re6 1/2-1/2

[Event "Reykjavik Open 2026"]
[Site "Reykjavik"]
[Date "2026.03.29"]
[Round "7.146"]
[White "Robichaud, Andrew"]
[Black "Meeuwissen, Morris"]
[Result "0-1"]
[WhiteElo "1708"]
[WhiteFideId "39963381"]
[BlackElo "1857"]
[BlackFideId "40107418"]
[Variant "Standard"]

1. e4 g6 2. d4 Bg7 3. c4 d6 4. Nc3 Nf6 5. h3 Nbd7 6. Be3 O-O 7. Nf3 e5 8. dxe5 dxe5 9. Qd2 c6 10. g4 Qe7 11. O-O-O Nc5 12. Be2 Nfxe4 13. Nxe4 Nxe4 14. Qc2 f5 15. g5 f4 16. Bd3 fxe3 17. Bxe4 exf2 18. Qxf2 Qxg5+ 19. Nxg5 Rxf2 20. Rd8+ Rf8 21. Rhd1 Bh6 22. h4 Bg4 23. Rxf8+ Rxf8 24. Rg1 Rf4 25. Bc2 Bf5 26. Bxf5 Rxf5 27. Kc2 Bxg5 28. hxg5 e4 29. Rg2 e3 30. Kd3 Rf2 31. Rxf2 exf2 32. Ke2 Kf7 33. Kxf2 Ke6 34. Kg3 Kf5 35. Kh4 c5 0-1

[Event "Reykjavik Open 2026"]
[Site "Reykjavik"]
[Date "2026.03.29"]
[Round "7.147"]
[White "Gilsdottir, Sara"]
[Black "Gudnyjarson, Sigurdur Pall"]
[Result "0-1"]
[WhiteElo "1681"]
[WhiteFideId "1574337"]
[BlackElo "1856"]
[BlackFideId "2321637"]
[Variant "Standard"]

1. d4 d5 2. c4 e6 3. Nc3 Nf6 4. Bg5 c6 5. e3 Nbd7 6. cxd5 exd5 7. Bd3 Bd6 8. Nge2 O-O 9. Qc2 h6 10. Bh4 Re8 11. Bg3 Nf8 12. O-O Ne6 13. Rab1 a5 14. a3 b5 15. Rfc1 Bxg3 16. Nxg3 Qb6 17. Nce2 Bd7 18. Bf5 Rec8 19. Bxe6 Bxe6 20. Nf4 Bd7 21. Nd3 b4 22. axb4 axb4 23. Qc5 Rcb8 24. Qxb6 Rxb6 25. Nc5 Ra2 26. Ne2 Bf5 27. Ra1 Rxb2 28. Nf4 Rd2 29. Nb3 Rc2 30. Kf1 Ng4 31. Rxc2 Bxc2 32. Nd2 b3 33. h3 Nf6 34. Ne2 b2 35. Ra8+ Kh7 0-1